000 01138nam0a22002771 4500
001 rc\3509887
005 20130115142453.3
035 _a(NLR Aleph) 007617545
090 _a5884454
_c5884454
100 _a20130115d1971 |||y0rusy50 ca
101 0 _arus
102 _aRU
105 _ay z |||||
200 1 _aОчистка и обеззараживание бытовых сточных вод
_fГос. план. ком. Совета Министров УССР. Укр. науч.-исслед. ин-т науч.-техн. информации и техн.-экон. исследований
210 _aКиев
_cБ. и.
_d1971
215 _a80 с.
_d22
300 _aНа обл. авт. не указаны
320 _aБиблиогр.: с. 66-79
333 _aДля служебного пользования. Экз. № 000007
700 1 _aБондаренко
_bВ. И.
_gВалентина Ивановна
701 1 _aГригорьева
_bЛ. В.
_gЛюдмила Владимировна
801 0 _aRU
_bNLR
_gpsbo
801 1 _aRU
_bELAR
_2rusmarc
852 _aNLR
_j71-50К/2831
942 _cBOOK
980 _aNB